| 000 | 00830nam a22002777a 4500 | ||
|---|---|---|---|
| 003 | CHAP | ||
| 005 | 20220329133934.0 | ||
| 008 | 971013s1974 r 00010 d | ||
| 010 | _a12948 | ||
| 011 | _a13920 | ||
| 035 | _a17993 | ||
| 040 | _cCHAP | ||
| 090 | _aFolleto 3945y | ||
| 100 | 0 | 0 |
_aGoldberg, S. Dan. _948544 |
| 245 | 1 | _aEvaluación agrotécnica de los métodos de riego | |
| 260 |
_aMéxico, D.F. : _bCentro Regional de Ayuda Técnica, _c(1974) |
||
| 300 | _a7 p. | ||
| 590 |
_aBATCH-UPD _b10 _c20130110 _lUCH01 _h1107 |
||
| 590 |
_aBATCH-UPD _b10 _c20130410 _lUCH01 _h0659 |
||
| 590 |
_aBATCH-UPD _b10 _c20130914 _lUCH01 _h1655 |
||
| 590 |
_aCONVERSION _b10 _c20130109 _lUCH01 _h1308 |
||
| 650 | 1 | 4 |
_aIrrigación. _960366 |
| 901 | _aBK | ||
| 942 | _cFOLL | ||
| 949 |
_aFolleto 3945y _bBC _cFOLL _d-42106 _eTS1 _i17993 _mD _si |
||
| 999 |
_c12948 _d12948 |
||